00567 2200217 4500001002100000005001500021008004100036020001800077035002500095041000800120082001000128090001000138100001000148245006600158250001600224260002600240300003300266650002300299700001400322700001300336INLIS00000000000815220130515195826 ind  a979-683-833-8 a0010-051300000008152 aind a614.5 a614.5 aKamp, aInfluenza Repiort / editor, Indriani,; penerjemah, Anggraeni, aCetakan : 1 aJakartabIndeksc2007 axv, 298 hlm. : ilus. ;22 cm. aTimbulnya Penyakit aHoffmann, aPreiser,